Nihon kakumei no atarashii michi : Kyōsantō shin kōryō no mondaiten /
Saved in:
| Main Author: | |
|---|---|
| Format: | Book |
| Language: | Japanese |
| Published: |
Tōkyō :
Ōtsuki Shoten,
1957.
|
| Subjects: | |
| Tags: |
Add Tag
No Tags, Be the first to tag this record!
|
| LEADER | 00993nam a2200265ui 4500 | ||
|---|---|---|---|
| 001 | 007742665-7 | ||
| 005 | 20024617121422.0 | ||
| 008 | 900820s1957 ja a 000 0 jpn d | ||
| 035 | 0 | |a ocm33626712 | |
| 040 | |a *LWU* |b jpn |c *LWU* |d OCoLC |d *YNH* |d CStRLIN | ||
| 100 | 1 | |6 880-01 |a Katayama, Satoshi, |d 1906- | |
| 245 | 1 | 0 | |6 880-02 |a Nihon kakumei no atarashii michi : |b Kyōsantō shin kōryō no mondaiten / |c Katayama Satoshi cho. |
| 260 | |6 880-03 |a Tōkyō : |b Ōtsuki Shoten, |c 1957. | ||
| 300 | |a v, 272 p. : |b ill. ; |c 19 cm. | ||
| 653 | |6 880-04 |a Nihonkyōsantō. | ||
| 610 | 2 | 0 | |6 880-05 |a Nihon Kyōsantō. |
| 650 | 0 | |a Communism |z Japan |y 1945- | |
| 880 | 1 | |6 100-01 |a 片山さとし, |d 1906- | |
| 880 | 1 | 0 | |6 245-02 |a 日本革命の新しい道 : |b 共産党新綱領の問題点 / |c 片山さとし他著. |
| 880 | |6 260-03 |a 東京 : |b 大月書店, |c 1957. | ||
| 880 | |6 653-04 |a 日本共産党. | ||
| 880 | 2 | 0 | |6 610-05 |a 日本共産党. |
| 886 | 2 | |2 jpnmarc |a 677 |b 315.1 | |
| 988 | |a 20021220 | ||
| 906 | |0 OCLC | ||


